000 00610nam a2200145Ia 4500
008 191021s9999 xx 000 0 und d
020 _a978-3-319-38056-8
100 _aIdowu, Samuel O.
245 _cSamuel O Idowu; Claus Strue Frederiksen; Asli Yüksel Mermod; Morten Ebbe Juul Nielsen.--
_aCorporate social responsibility and governance :
_btheory and practice /
260 _aCham : 
_bSpringer International.
_c2015.
300 _axxxv, 343 pages :
_billustrations ;
_c 25 cm.
500 _aIncludes index.
650 _a Social responsibility of business.
650 _aCorporations -- Social aspects.
999 _c362273
_d362273